Statistics for Top 10 Chicago drill rappers of all time

Click here to take the quiz!

General Stats

  • This quiz has been taken 369 times
    (359 since last reset)
  • The average score is 3 of 10

Answer Stats

Answer% Correct
1Chief Keef
90%
3Lil Durk
76%
4G Herbo
39%
7Lil Jojo
19%
5Lil Bibby
18%
2Young Pappy
17%
10Lil Jay
9%
6Montana 300
4%
9Otf Nunu
3%
8Taysav
2%

Score Distribution

Percentile by Number Answered

Percent of People with Each Score

Your Score History

You have not taken this quiz since the last reset